<?xml version="1.0" encoding="UTF-8"?>
<record
    xmlns:xsi="http://www.w3.org/2001/XMLSchema-instance"
    xsi:schemaLocation="http://www.loc.gov/MARC21/slim http://www.loc.gov/standards/marcxml/schema/MARC21slim.xsd"
    xmlns="http://www.loc.gov/MARC21/slim">

  <leader>01742cam a2200373 a 4500</leader>
  <controlfield tag="001">16715547</controlfield>
  <controlfield tag="005">20220326193324.0</controlfield>
  <controlfield tag="008">110331s2010    sz a     bc  s000 0 eng  </controlfield>
  <datafield tag="010" ind1=" " ind2=" ">
    <subfield code="a">  2011356379</subfield>
  </datafield>
  <datafield tag="020" ind1=" " ind2=" ">
    <subfield code="a">9783775724593</subfield>
  </datafield>
  <datafield tag="040" ind1=" " ind2=" ">
    <subfield code="a">DLC</subfield>
    <subfield code="c">DLC</subfield>
  </datafield>
  <datafield tag="041" ind1="0" ind2=" ">
    <subfield code="a">eng</subfield>
    <subfield code="a">spa</subfield>
    <subfield code="a">por</subfield>
  </datafield>
  <datafield tag="042" ind1=" " ind2=" ">
    <subfield code="a">lcode</subfield>
    <subfield code="a">pcc</subfield>
  </datafield>
  <datafield tag="082" ind1=" " ind2=" ">
    <subfield code="a">708</subfield>
    <subfield code="b">D 541any</subfield>
  </datafield>
  <datafield tag="100" ind1="1" ind2=" ">
    <subfield code="a">Dias, Antonio,</subfield>
    <subfield code="d">1944-</subfield>
    <subfield code="9">2721</subfield>
  </datafield>
  <datafield tag="245" ind1="1" ind2="0">
    <subfield code="a">Antonio Dias :</subfield>
    <subfield code="b">anywhere is my land /</subfield>
    <subfield code="c">[curated by Hans-Michael Herzog and Katrin Steffen].</subfield>
  </datafield>
  <datafield tag="246" ind1="3" ind2="0">
    <subfield code="a">Anywhere is my land</subfield>
  </datafield>
  <datafield tag="260" ind1=" " ind2=" ">
    <subfield code="a">Z&#xFC;rich, Switzerland :</subfield>
    <subfield code="b">Daros ;</subfield>
    <subfield code="a">Ostfildern, Germany :</subfield>
    <subfield code="b">Hatje Cantz ;</subfield>
    <subfield code="a">[S&#xE3;o Paulo, Brazil] :</subfield>
    <subfield code="b">Pinocoteca do Estado de S&#xE3;o Paulo, Governo do Estado de S&#xE3;o Paulo,</subfield>
    <subfield code="c">2010.</subfield>
  </datafield>
  <datafield tag="300" ind1=" " ind2=" ">
    <subfield code="a">187 p. :</subfield>
    <subfield code="b">ill. (some col.) ;</subfield>
    <subfield code="c">26 cm.</subfield>
  </datafield>
  <datafield tag="500" ind1=" " ind2=" ">
    <subfield code="a">"Setembro 11- Novembro 7, 2010, Pinacoteca do Estado de S&#xE3;o Paulo."</subfield>
  </datafield>
  <datafield tag="500" ind1=" " ind2=" ">
    <subfield code="a">"First published in conjunction with the exhibition at the Daros Museum, Z&#xFC;rich, this catalogue is a reprint produced for the exhibition at the Pinacoteca do Estado de S&#xE3;o Paulo"--P. 194.</subfield>
  </datafield>
  <datafield tag="504" ind1=" " ind2=" ">
    <subfield code="a">Includes bibliographical references.</subfield>
  </datafield>
  <datafield tag="546" ind1=" " ind2=" ">
    <subfield code="a">Text in English, Portuguese, and Spanish.</subfield>
  </datafield>
  <datafield tag="600" ind1="1" ind2="0">
    <subfield code="a">Dias, Antonio,</subfield>
    <subfield code="d">1944-</subfield>
    <subfield code="v">Exhibitions.</subfield>
    <subfield code="9">2730</subfield>
  </datafield>
  <datafield tag="600" ind1="1" ind2="0">
    <subfield code="a">Herzog, Hans-Michael</subfield>
    <subfield code="d">1956</subfield>
    <subfield code="9">1964</subfield>
  </datafield>
  <datafield tag="600" ind1="1" ind2="0">
    <subfield code="a">Steffen, Katrin</subfield>
    <subfield code="9">1965</subfield>
  </datafield>
  <datafield tag="650" ind1=" " ind2=" ">
    <subfield code="x">Arte moderno</subfield>
    <subfield code="x">Sao Paulo. Pinacoteca do Estado</subfield>
    <subfield code="x">Daros-Latinoamerica (Art Collection)</subfield>
    <subfield code="z">Brasil</subfield>
    <subfield code="9">2731</subfield>
  </datafield>
  <datafield tag="700" ind1="1" ind2=" ">
    <subfield code="a">Herzog, Hans-Michael,</subfield>
    <subfield code="d">1956-</subfield>
    <subfield code="9">1964</subfield>
  </datafield>
  <datafield tag="700" ind1="1" ind2=" ">
    <subfield code="a">Steffen, Katrin.</subfield>
    <subfield code="9">1965</subfield>
  </datafield>
  <datafield tag="710" ind1="1" ind2=" ">
    <subfield code="a">S&#xE3;o Paulo (Brazil : State).</subfield>
    <subfield code="b">Pinacoteca do Estado.</subfield>
    <subfield code="9">2732</subfield>
  </datafield>
  <datafield tag="710" ind1="2" ind2=" ">
    <subfield code="a">Daros-Latinamerica (Art Collection)</subfield>
    <subfield code="9">1849</subfield>
  </datafield>
  <datafield tag="906" ind1=" " ind2=" ">
    <subfield code="a">7</subfield>
    <subfield code="b">cbc</subfield>
    <subfield code="c">origode</subfield>
    <subfield code="d">2</subfield>
    <subfield code="e">ncip</subfield>
    <subfield code="f">20</subfield>
    <subfield code="g">y-gencatlg</subfield>
  </datafield>
  <datafield tag="999" ind1=" " ind2=" ">
    <subfield code="c">609</subfield>
    <subfield code="d">609</subfield>
  </datafield>
  <datafield tag="952" ind1=" " ind2=" ">
    <subfield code="0">0</subfield>
    <subfield code="1">0</subfield>
    <subfield code="2">ddc</subfield>
    <subfield code="4">0</subfield>
    <subfield code="7">0</subfield>
    <subfield code="a">LV</subfield>
    <subfield code="b">LV</subfield>
    <subfield code="c">Monograf&#xED;as</subfield>
    <subfield code="d">2015-05-22</subfield>
    <subfield code="l">0</subfield>
    <subfield code="o">708 D 541any</subfield>
    <subfield code="p">000730</subfield>
    <subfield code="r">2015-05-22 00:00:00</subfield>
    <subfield code="w">2015-05-22</subfield>
    <subfield code="y">01</subfield>
  </datafield>
</record>
